000 00806nam a2200157 4500
001 8492
005 20181127190107.0
020 0 0 _a9788120347960
090 0 0 _a658.40
100 0 0 _aMisra, Harekrishna.
245 0 0 _aInformation systems management in business and development organizations :
_btext and cases /
_cHarekrishna Misra.
_h
260 0 0 _aNew Delhi ;
_bPHI Leaning Private Limited,
_c2013.
300 0 0 _a396 pages ; 22 cm.
500 0 0 _aManagement Information Systems (MIS) has fast emerged as a multi-disciplinary area with strategic interfaces to achieve organisational objectives. This comprehensive book discusses the underlying principles of business and development organisations, identifies their core areas and prescribes approaches to develop MIS.
650 0 0 _aManagement information systems.
_x
999 _c7347
_d7347